| 000 | 00749nam a2200217 a 4500 | ||
|---|---|---|---|
| 005 | 20210219153143.0 | ||
| 008 | 991125n 000 0 spa u | ||
| 035 | _aUPN01000080680 | ||
| 100 | _aCABALEIRO, Benjamin | ||
| 222 | _aEDUCACION Y BIBLIOTECA : REVISTA MENSUAL DE DOCUMENTACION Y RECURSOS DIDACTICOS | ||
| 245 | _aHa visitado el servicio de documentación bibliotecaria casi la totalidad de los alumnos que cursan estudios bibliotecarios / Emiliano Pérez Frias | ||
| 300 | _a44-47 | ||
| 362 | _a1996 Año 8, no. 68, may. | ||
| 653 | 0 | _aBIBLIOGRAFIA | |
| 653 | 0 | _aBIBLIOTECAS ESPECIALIZADAS | |
| 653 | 0 | _aBIBLIOTECOLOGIA | |
| 653 | 0 | _aCENTROS DE DOCUMENTACION | |
| 653 | 0 | _aESPAÑA | |
| 904 |
_aAC _b018491 |
||
| 905 | _aArticulo | ||
| 999 |
_c69625 _d69625 |
||